000 00608nam a2200241Ia 4500
003 OSt
005 20220918210659.0
006 a|||||r|||| 00| 0
007 ta
008 220917b |||||||| |||| 00| 0 eng d
024 _a121,553
037 _cTextual
040 _aARTS
_cARTS
_beng
041 _2eng
_aeng
082 _aWv, J5.1
100 _aSuda J P
_974537
245 0 _aHsitory of political thought
260 _aMeerut
_bJai Parkash Nath
_c1955
300 _a340p.
_ccm.
650 _aPOLITICAL SCIENCE
942 _hWv, J5.1
_cTEXL
_2CC
999 _c244759
_d244759